00590 a2200181 4500001000700000003000400007005001700011008004100028082001800069100001900087245005600106260002400162300001000186690007500196942001200271999001500283952011000298131493OSt20210914122722.0  a363.705bL53I1 aLein, James K.1 aIntegrated environmental planningcby James K. Lein aUkbBlackwellc2003 a228p. aEnvironmental management--Planning; Environmental protection--Planning 2ddccBK c5967d5967 00102ddc40708TXBaCURAJbCURAJd2012-06-08eARCg4.95o363.705 L53Ip7573r2024-11-21w2020-09-02yBK